[Event "CYCC U10 w"]
[Site "Ottawa CAN"]
[Date "2013.07.11"]
[Round "4"]
[White "Zhang, Jeannie"]
[Black "Tan, Kylie"]
[Result "1/2-1/2"]
[WhiteElo "1501"]
[BlackElo "1229"]
[PlyCount "206"]
[GameId "2160767909326323"]
[EventDate "2013.07.10"]
[EventType "swiss"]
[EventRounds "6"]
[EventCountry "CAN"]
[SourceTitle "EXT 2022"]
[Source "ChessBase"]
[SourceDate "2021.10.06"]
[SourceVersion "1"]
[SourceVersionDate "2021.10.06"]
[SourceQuality "1"]

1. e4 e5 2. Nf3 Nc6 3. Bc4 Nf6 4. d3 Bc5 5. c3 d6 6. Bb3 O-O 7. Nbd2 h6 8. Nf1 Bd7 9. Ng3 Bb6 10. h3 Re8 11. O-O Be6 12. Bc2 Bd7 13. Nh2 Ne7 14. Qf3 Ng6 15. Kh1 c6 16. Re1 Nh4 17. Qe2 Ng6 18. Rf1 Rf8 19. Bb3 Be6 20. Bc2 Bd7 21. Bd2 Re8 22. Rad1 Bc7 23. Be3 d5 24. Rfe1 a6 25. Nh5 Be6 26. Ng3 Qd7 27. Qf3 Qd8 28. Bc1 Nh4 29. Qe2 Ng6 30. Nhf1 Qd7 31. Ne3 Rad8 32. Nef5 Bxf5 33. Nxf5 Ne7 34. Nxe7+ Rxe7 35. Qf3 Qe6 36. Bb3 Nh7 37. exd5 cxd5 38. Kg1 Ree8 39. Qg3 Qg6 40. Qxg6 fxg6 41. Re3 Kh8 42. Rde1 Nf6 43. R3e2 Re7 44. Bc2 g5 45. f3 Red7 46. a3 b5 47. a4 bxa4 48. Bxa4 Rf7 49. Be3 Kh7 50. Bc2 Kh8 51. d4 exd4 52. Bxd4 Rb8 53. Bg6 Rff8 54. Re7 Bd8 55. R7e2 Bc7 56. b4 Bb6 57. Bxb6 Rxb6 58. Re7 Rc6 59. Ra7 Rxc3 60. Rxa6 Rb3 61. Rb6 Rb2 62. Re7 d4 63. Re1 Nd5 64. Rd6 Nxb4 65. Rxd4 Nc2 66. Re2 Nxd4 67. Rxb2 Ne6 68. Rb6 Nd8 69. Rb8 Ne6 70. Rb7 Nf4 71. Be4 Nh5 72. Kf2 Nf6 73. Bg6 Rd8 74. Ke3 Kg8 75. Ke2 Kh8 76. g4 Kg8 77. Kf2 Kf8 78. Rf7+ Kg8 79. Kg3 Rf8 80. Rc7 Rd8 81. h4 gxh4+ 82. Kxh4 Kf8 83. Rf7+ Kg8 84. Rc7 Kf8 85. Rc3 Ke7 86. Re3+ Kf8 87. f4 Rd4 88. Kg3 Rd8 89. g5 hxg5 90. fxg5 Ne8 91. Kg4 Nd6 92. Rd3 Nb7 93. Rc3 Nd6 94. Rc7 Rb8 95. Kh5 Rb7 96. Rxb7 Nxb7 97. Bf5 Kf7 98. Be4 Nd6 99. Bd5+ Kf8 100. Kg6 Nb5 101. Bc4 Nd4 102. Bd3 Nf3 103. Be4 Nxg5 1/2-1/2

[Event "CYCC U10 w"]
[Site "Ottawa CAN"]
[Date "2013.07.12"]
[Round "5"]
[White "Chertkow, Sasha"]
[Black "Tan, Kylie"]
[Result "0-1"]
[WhiteElo "881"]
[BlackElo "1229"]
[PlyCount "150"]
[GameId "2160767909326324"]
[EventDate "2013.07.10"]
[EventType "swiss"]
[EventRounds "6"]
[EventCountry "CAN"]
[SourceTitle "EXT 2022"]
[Source "ChessBase"]
[SourceDate "2021.10.06"]
[SourceVersion "1"]
[SourceVersionDate "2021.10.06"]
[SourceQuality "1"]

1. e4 e5 2. Nf3 Nc6 3. Nc3 Nf6 4. d4 exd4 5. Nxd4 Bb4 6. Nxc6 bxc6 7. Bd3 d5 8. exd5 cxd5 9. O-O O-O 10. Bg5 c6 11. a3 Be7 12. Re1 h6 13. Bh4 Re8 14. h3 Be6 15. Ne2 c5 16. Bb5 Rf8 17. c3 Nd7 18. Bxe7 Qxe7 19. Nf4 Qd6 20. Nxe6 fxe6 21. Rf1 a6 22. Ba4 Nb6 23. Bc2 a5 24. Qd3 Rf6 25. Qh7+ Kf7 26. Qd3 Kg8 27. b3 Qc6 28. Qh7+ Kf7 29. Qd3 Kg8 30. Rac1 Rd8 31. Bb1 Nd7 32. b4 axb4 33. cxb4 Qd6 34. Qc3 cxb4 35. Qxb4 Qxb4 36. axb4 Rb8 37. Rc7 Nf8 38. Rfc1 Rf7 39. Rxf7 Kxf7 40. Rc7+ Kf6 41. Bd3 Rxb4 42. Kh2 Rb2 43. f4 Ng6 44. Bxg6 Kxg6 45. Kg3 Kf6 46. Kf3 Rb6 47. g4 g5 48. Rc1 Rb3+ 49. Kg2 gxf4 50. Rf1 e5 51. Rd1 d4 52. h4 Rg3+ 53. Kf2 Rxg4 54. Rc1 Rxh4 55. Rc6+ Kf5 56. Ke2 Rh3 57. Rc7 Ke4 58. Kd2 h5 59. Rc1 Rh2+ 60. Kd1 Rh1+ 61. Kc2 Rxc1+ 62. Kxc1 h4 63. Kb2 h3 64. Kb3 h2 65. Kb4 h1=Q 66. Kb5 Qc1 67. Kb4 Qc2 68. Kb5 Qc3 69. Kb6 Qc4 70. Kb7 Qc5 71. Kb8 Qc6 72. Ka7 Qb5 73. Ka8 Kd5 74. Ka7 Kc6 75. Ka8 Qb7# 0-1

[Event "CYCC U10 w"]
[Site "Ottawa CAN"]
[Date "2013.07.12"]
[Round "5"]
[White "Tsypin, Allison"]
[Black "Zhang, Jeannie"]
[Result "0-1"]
[WhiteElo "943"]
[BlackElo "1501"]
[PlyCount "138"]
[GameId "2160767909326327"]
[EventDate "2013.07.10"]
[EventType "swiss"]
[EventRounds "6"]
[EventCountry "CAN"]
[SourceTitle "EXT 2022"]
[Source "ChessBase"]
[SourceDate "2021.10.06"]
[SourceVersion "1"]
[SourceVersionDate "2021.10.06"]
[SourceQuality "1"]

1. d4 d5 2. c4 c6 3. Nc3 Nf6 4. Nf3 e6 5. Bg5 Nbd7 6. e3 Be7 7. Be2 dxc4 8. Bxc4 b5 9. Bb3 a6 10. O-O O-O 11. Rc1 Bb7 12. Nd2 c5 13. dxc5 Nxc5 14. Bc2 Rc8 15. Nf3 Qb6 16. b4 Ncd7 17. Bxf6 Nxf6 18. Ne2 Bxb4 19. Qd3 Rfd8 20. Qb3 Be7 21. Ng3 Bd5 22. Qb1 h6 23. Bb3 Bxb3 24. Qxb3 Nd5 25. Nd4 Bf6 26. Nf3 Nc3 27. Rc2 b4 28. a3 a5 29. axb4 axb4 30. h3 Rb8 31. Ne2 Nxe2+ 32. Rxe2 Bc3 33. Rc1 Qa6 34. Ra2 Qd6 35. Re2 Ra8 36. Rf1 Ra3 37. Qc4 Qd3 38. Qxd3 Rxd3 39. Kh2 Rd8 40. Rb1 Rb8 41. Rc2 Ra1 42. Rb3 Ra3 43. Rb1 Ba1 44. Kh1 b3 45. Rcc1 Bf6 46. Nd4 e5 47. Nf3 Ra4 48. Kh2 e4 49. Nd2 b2 50. Rc2 Ra1 51. Kg3 Rba8 52. Rbxb2 Bxb2 53. Rxb2 f5 54. Kf4 R1a2 55. Rxa2 Rxa2 56. Nc4 Rxf2+ 57. Kg3 Rc2 58. Ne5 Kh7 59. h4 g6 60. Nd7 Kg7 61. Ne5 Kf6 62. Nd7+ Kg7 63. Ne5 Rc5 64. Nd7 Rb5 65. Kf4 Rb7 66. Nc5 Re7 67. g3 Kf6 68. Nb3 g5+ 69. hxg5+ hxg5# 0-1

[Event "CYCC U10 w"]
[Site "Ottawa CAN"]
[Date "2013.07.12"]
[Round "6"]
[White "Ricard, Bianca"]
[Black "Tsypin, Allison"]
[Result "0-1"]
[WhiteElo "809"]
[BlackElo "943"]
[PlyCount "84"]
[GameId "2160767909326329"]
[EventDate "2013.07.10"]
[EventType "swiss"]
[EventRounds "6"]
[EventCountry "CAN"]
[SourceTitle "EXT 2022"]
[Source "ChessBase"]
[SourceDate "2021.10.06"]
[SourceVersion "1"]
[SourceVersionDate "2021.10.06"]
[SourceQuality "1"]

1. e4 c5 2. c4 d6 3. d3 g6 4. Nf3 Bg7 5. Be2 Nf6 6. h3 O-O 7. Bg5 Nc6 8. a3 Qb6 9. Ra2 Be6 10. Nc3 h6 11. Na4 Qa5+ 12. Nc3 hxg5 13. Nxg5 Nd4 14. Nxe6 Nxe6 15. O-O Nd4 16. Ra1 Qb6 17. Qb1 Nb3 18. Na4 Qa5 19. Ra2 Nd2 20. b4 Qxa4 21. Rxd2 Qxa3 22. Qb2 Qxb2 23. Rxb2 Nxe4 24. Rb3 Nd2 25. Rbb1 Nxf1 26. Bxf1 cxb4 27. Rxb4 b6 28. d4 Bxd4 29. c5 Bxc5 30. Re4 e5 31. Ba6 Rab8 32. Bb7 Rxb7 33. Rb4 Bxb4 34. Kh2 Rc8 35. Kh1 Rc1+ 36. Kh2 Rbc7 37. h4 f5 38. g3 R7c2 39. Kg2 Be1 40. Kf3 Rxf2+ 41. Ke3 Ra2 42. Kf3 Rc3# 0-1

[Event "CYCC U10 w"]
[Site "Ottawa CAN"]
[Date "2013.07.12"]
[Round "6"]
[White "Zhang, Jeannie"]
[Black "Kathirkamar, Janani"]
[Result "1-0"]
[WhiteElo "1501"]
[BlackElo "906"]
[PlyCount "73"]
[GameId "2160767909326331"]
[EventDate "2013.07.10"]
[EventType "swiss"]
[EventRounds "6"]
[EventCountry "CAN"]
[SourceTitle "EXT 2022"]
[Source "ChessBase"]
[SourceDate "2021.10.06"]
[SourceVersion "1"]
[SourceVersionDate "2021.10.06"]
[SourceQuality "1"]

1. e4 e5 2. Nf3 Nc6 3. Bc4 Bc5 4. c3 Nf6 5. d3 h6 6. Bb3 O-O 7. Nbd2 d6 8. h3 Be6 9. Bc2 a5 10. Nf1 Qd7 11. Ng3 Nh7 12. O-O Ne7 13. Nh4 a4 14. Be3 b6 15. Qf3 f6 16. Qe2 c6 17. a3 Rab8 18. d4 Rf7 19. dxc5 bxc5 20. Bxa4 Qa7 21. Bd1 d5 22. Rb1 d4 23. Bd2 c4 24. cxd4 exd4 25. Nf3 c3 26. Bf4 Rb7 27. b3 Qxa3 28. Nxd4 Bd7 29. Qc4 Rb8 30. Bxb8 Kh8 31. Qxf7 Qb4 32. Bc2 Bc8 33. Qe8+ Ng8 34. Qxc8 Qxd4 35. b4 g6 36. Bb3 Qxb4 37. Qxg8# 1-0

[Event "CYCC U12"]
[Site "Ottawa CAN"]
[Date "2013.07.10"]
[Round "1"]
[White "Balachandran, Henushan"]
[Black "Su, Michael"]
[Result "0-1"]
[WhiteElo "968"]
[BlackElo "1770"]
[PlyCount "36"]
[GameId "2160767909326332"]
[EventDate "2013.07.10"]
[EventType "swiss"]
[EventRounds "6"]
[EventCountry "CAN"]
[SourceTitle "hb 2013"]

1. c4 f5 2. Nc3 e6 3. g3 Nf6 4. Nf3 b6 5. Bg2 Bb7 6. d3 Bb4 7. O-O O-O 8. Bg5 h6 9. Bxf6 Qxf6 10. a3 Bxc3 11. bxc3 Qxc3 12. Re1 d6 13. e3 Qf6 14. e4 fxe4 15. dxe4 Nd7 16. e5 Nxe5 17. Nxe5 Qxf2+ 18. Kh1 Bxg2# 0-1

[Event "CYCC U12"]
[Site "Ottawa CAN"]
[Date "2013.07.10"]
[Round "1"]
[White "Butchart, Brian"]
[Black "Ju, Terrence"]
[Result "0-1"]
[WhiteElo "809"]
[BlackElo "1374"]
[PlyCount "60"]
[GameId "2160767909326334"]
[EventDate "2013.07.10"]
[EventType "swiss"]
[EventRounds "6"]
[EventCountry "CAN"]
[SourceTitle "EXT 2022"]
[Source "ChessBase"]
[SourceDate "2021.10.06"]
[SourceVersion "1"]
[SourceVersionDate "2021.10.06"]
[SourceQuality "1"]

1. e4 c5 2. Nf3 Nc6 3. Bb5 d6 4. Bxc6+ bxc6 5. Nc3 g6 6. O-O Bg7 7. Re1 Nf6 8. d3 O-O 9. Be3 Rb8 10. Rb1 Ng4 11. Bd2 Qb6 12. h3 Ne5 13. Nxe5 Bxe5 14. Na4 Qa6 15. b3 Bd7 16. Bh6 Rfe8 17. Kh1 Qc8 18. Qf3 Kh8 19. Kg1 Rg8 20. Qxf7 Bxh3 21. Qxe7 Qg4 22. Qg5 Qh5 23. Qxh5 gxh5 24. g3 h4 25. Kh1 hxg3 26. fxg3 Bxg3 27. Re2 Rg6 28. Bd2 Bg4 29. Bc3+ Kg8 30. Rbe1 Bf3+ 0-1

[Event "CYCC U12"]
[Site "Ottawa CAN"]
[Date "2013.07.10"]
[Round "1"]
[White "Cai, Jason"]
[Black "Hoksbergen, Dante"]
[Result "1-0"]
[WhiteElo "1778"]
[BlackElo "972"]
[PlyCount "45"]
[GameId "2160767909326335"]
[EventDate "2013.07.10"]
[EventType "swiss"]
[EventRounds "6"]
[EventCountry "CAN"]
[SourceTitle "hb 2013"]

1. e4 e5 2. Nf3 d5 3. exd5 e4 4. Qe2 b6 5. Qxe4+ Ne7 6. Bb5+ c6 7. dxc6 a6 8. c7+ Qd7 9. Bxd7+ Bxd7 10. Qxa8 Nec6 11. cxb8=Q+ Nxb8 12. Qxb8+ Ke7 13. Nc3 g6 14. Qe5+ Be6 15. Qxh8 h5 16. d4 f5 17. Bg5+ Kd6 18. Qxf8+ Kc6 19. Ne5+ Kc7 20. Bd8+ Kc8 21. Qe7 Kb8 22. Nc6+ Ka8 23. Qa7# 1-0

[Event "CYCC U12"]
[Site "Ottawa CAN"]
[Date "2013.07.10"]
[Round "1"]
[White "Chen, Richard"]
[Black "Xie, Patrick"]
[Result "1-0"]
[WhiteElo "1916"]
[BlackElo "1032"]
[PlyCount "35"]
[GameId "2160767909326336"]
[EventDate "2013.07.10"]
[EventType "swiss"]
[EventRounds "6"]
[EventCountry "CAN"]
[SourceTitle "hb 2013"]

1. e4 e5 2. Nf3 d6 3. d4 exd4 4. Nxd4 Be7 5. Nc3 Nf6 6. Bc4 O-O 7. O-O Be6 8. Bxe6 c5 9. Bxf7+ Kxf7 10. Nf5 Nc6 11. Bg5 Ne5 12. Bxf6 gxf6 13. Qh5+ Ke6 14. Nd5 Ng6 15. Qh3 Kd7 16. Nfxe7+ Ke8 17. Nxg6 hxg6 18. Qe6+ 1-0

[Event "CYCC U12"]
[Site "Ottawa CAN"]
[Date "2013.07.10"]
[Round "1"]
[White "Chen, Samuel"]
[Black "Belec, Stephane"]
[Result "1-0"]
[WhiteElo "1339"]
[BlackElo "518"]
[PlyCount "37"]
[GameId "2160767909326337"]
[EventDate "2013.07.10"]
[EventType "swiss"]
[EventRounds "6"]
[EventCountry "CAN"]
[SourceTitle "hb 2013"]

1. d4 e5 2. dxe5 Bc5 3. Nc3 f6 4. exf6 Qxf6 5. Nf3 g5 6. Bxg5 Qg6 7. e4 Nc6 8. Bd3 d6 9. Qd2 Be6 10. O-O-O Nge7 11. e5 dxe5 12. Bxg6+ hxg6 13. Rhe1 Bd6 14. Bxe7 Kxe7 15. Qg5+ Kf7 16. Ne4 Be7 17. Nxe5+ Ke8 18. Qxg6+ Bf7 19. Qxf7# 1-0

[Event "CYCC U12"]
[Site "Ottawa CAN"]
[Date "2013.07.10"]
[Round "1"]
[White "Cheung, Damien"]
[Black "Xu, Jeffrey"]
[Result "0-1"]
[WhiteElo "1021"]
[BlackElo "1862"]
[PlyCount "90"]
[GameId "2160767909326338"]
[EventDate "2013.07.10"]
[EventType "swiss"]
[EventRounds "6"]
[EventCountry "CAN"]
[SourceTitle "hb 2013"]

1. e4 e6 2. d4 d5 3. e5 c5 4. c3 Nc6 5. Nf3 Qb6 6. Bd3 Bd7 7. Qb3 Qc7 8. Bb5 c4 9. Qa4 Nge7 10. Bg5 h6 11. Bxe7 Bxe7 12. b3 cxb3 13. axb3 O-O 14. Nbd2 a6 15. Bxc6 Bxc6 16. Qa5 b6 17. Qa2 a5 18. c4 a4 19. O-O Ra7 20. Qc2 Qd7 21. Ra2 Rfa8 22. Rfa1 axb3 23. Nxb3 Rxa2 24. Rxa2 Rxa2 25. Qxa2 dxc4 26. Nc1 Bxf3 27. gxf3 Qxd4 28. Qa8+ Bf8 29. Qa4 b5 30. Qc2 Qxe5 31. Ne2 Qc5 32. Nc3 b4 33. Ne4 Qd5 34. Qc1 c3 35. Qf4 c2 36. Qg3 c1=Q+ 37. Kg2 Qxe4 38. fxe4 Qg5 39. Qxg5 hxg5 40. e5 b3 41. f4 b2 42. fxg5 b1=Q 43. g6 Qxg6+ 44. Kh1 Bc5 45. h4 Qg1# 0-1

[Event "CYCC U12"]
[Site "Ottawa CAN"]
[Date "2013.07.10"]
[Round "1"]
[White "Doknjas, Joshua"]
[Black "Liang, Hairan"]
[Result "1-0"]
[WhiteElo "1848"]
[BlackElo "1016"]
[PlyCount "87"]
[GameId "2160767909326341"]
[EventDate "2013.07.10"]
[EventType "swiss"]
[EventRounds "6"]
[EventCountry "CAN"]
[SourceTitle "hb 2013"]

1. e4 e5 2. Nf3 Nc6 3. d4 exd4 4. Nxd4 Bc5 5. Be3 Qf6 6. c3 Nge7 7. Bc4 Nxd4 8. cxd4 Bb4+ 9. Nc3 O-O 10. O-O Bxc3 11. bxc3 d6 12. f4 g6 13. Qe1 c6 14. Bd3 Qg7 15. f5 f6 16. Rf3 g5 17. Qg3 Rd8 18. Bc2 h6 19. Raf1 Kf7 20. e5 Nd5 21. e6+ Ke7 22. c4 Nc3 23. Qf2 Nxa2 24. Qd2 a5 25. Ba4 Nb4 26. d5 c5 27. h4 b6 28. hxg5 hxg5 29. Bxg5 Rg8 30. Bf4 Ba6 31. Rg3 Qh7 32. Bxd6+ Kxd6 33. Qf4+ Ke7 34. d6+ Kf8 35. e7+ Kf7 36. Rxg8 Rxg8 37. Qe4 b5 38. Qe6+ Kg7 39. d7 Bc8 40. dxc8=Q Rxc8 41. Qxc8 Qh4 42. Qf8+ Kh7 43. Qf7+ Kh6 44. Qg6# 1-0

[Event "CYCC U12"]
[Site "Ottawa CAN"]
[Date "2013.07.10"]
[Round "1"]
[White "Johnson-Constantin, Mathieu"]
[Black "Chertkow, Matthew"]
[Result "1-0"]
[WhiteElo "1611"]
[BlackElo "927"]
[PlyCount "77"]
[GameId "2160767909326343"]
[EventDate "2013.07.10"]
[EventType "swiss"]
[EventRounds "6"]
[EventCountry "CAN"]
[SourceTitle "hb 2013"]

1. e4 e5 2. Nf3 Nc6 3. Bb5 a6 4. Ba4 Nf6 5. O-O Bc5 6. Bxc6 bxc6 7. Nxe5 O-O 8. d4 Qe7 9. Bg5 d6 10. Bxf6 Qxf6 11. Nxc6 Bb7 12. dxc5 Bxc6 13. cxd6 cxd6 14. Nc3 Rab8 15. Rb1 Rb7 16. Qd3 Rfb8 17. b3 h6 18. Rfd1 Rd7 19. Nd5 Bxd5 20. Qxd5 Rb5 21. Qa8+ Kh7 22. Qxa6 Rh5 23. Qd3 Qh4 24. e5+ g6 25. Qg3 Qe7 26. exd6 Qe6 27. Re1 Qd5 28. Rbd1 Qf5 29. f3 Rg5 30. Qf2 h5 31. Re7 Rxd6 32. Rxd6 Qf4 33. Rdd7 Qc1+ 34. Qf1 Qxc2 35. Rxf7+ Kg8 36. Rg7+ Kf8 37. Rdf7+ Ke8 38. Qe1+ Kd8 39. Rg8# 1-0

[Event "CYCC U12"]
[Site "Ottawa CAN"]
[Date "2013.07.10"]
[Round "1"]
[White "Li, William"]
[Black "Pigeau, Nicholas"]
[Result "1-0"]
[WhiteElo "1408"]
[BlackElo "838"]
[PlyCount "53"]
[GameId "2160767909326344"]
[EventDate "2013.07.10"]
[EventType "swiss"]
[EventRounds "6"]
[EventCountry "CAN"]
[SourceTitle "hb 2013"]

1. e4 e5 2. Nf3 Nc6 3. Bc4 d6 4. h3 Be6 5. Bb3 Bxb3 6. axb3 Nf6 7. d3 Be7 8. O-O Nd4 9. Nxd4 exd4 10. f4 d5 11. e5 Nd7 12. Qe2 f6 13. exf6 gxf6 14. Qh5+ Kf8 15. Qxd5 c5 16. Qxb7 Rb8 17. Qxa7 Qb6 18. Qxd7 Rb7 19. Qc8+ Bd8 20. Ra8 Kg7 21. Qg4+ Kf7 22. Re1 Qc6 23. Rc8 Qd5 24. f5 Rg8 25. Qh5+ Kf8 26. Bh6+ Rgg7 27. Re8# 1-0

[Event "CYCC U12"]
[Site "Ottawa CAN"]
[Date "2013.07.10"]
[Round "1"]
[White "Lopez, Elijah"]
[Black "Yie, Kevin Yi Xiao"]
[Result "0-1"]
[WhiteElo "887"]
[BlackElo "1577"]
[PlyCount "58"]
[GameId "2160767909326346"]
[EventDate "2013.07.10"]
[EventType "swiss"]
[EventRounds "6"]
[EventCountry "CAN"]
[SourceTitle "EXT 2022"]
[Source "ChessBase"]
[SourceDate "2021.10.06"]
[SourceVersion "1"]
[SourceVersionDate "2021.10.06"]
[SourceQuality "1"]

1. e4 g6 2. Nf3 Bg7 3. Nc3 c5 4. Bc4 d6 5. O-O Nf6 6. d4 cxd4 7. Nxd4 O-O 8. Re1 Nbd7 9. Bg5 a6 10. Nd5 Nxd5 11. exd5 Nf6 12. a4 Qc7 13. Bb3 Re8 14. Qd2 Bd7 15. c4 Qb6 16. Qd3 Nxd5 17. cxd5 Bxd4 18. Rxe7 Bf5 19. Qg3 Rxe7 20. Bxe7 Be5 21. a5 Qb4 22. Qf3 Re8 23. h3 Rxe7 24. g4 Be4 25. Qe3 Bd4 26. Qg5 Re8 27. Ra4 Qe1+ 28. Kh2 Qh1+ 29. Kg3 Qg2+ 0-1

[Event "CYCC U12"]
[Site "Ottawa CAN"]
[Date "2013.07.10"]
[Round "1"]
[White "Luo, Ricky"]
[Black "Zhao, Harry"]
[Result "0-1"]
[WhiteElo "990"]
[BlackElo "1820"]
[PlyCount "45"]
[GameId "2160767909326347"]
[EventDate "2013.07.10"]
[EventType "swiss"]
[EventRounds "6"]
[EventCountry "CAN"]
[SourceTitle "hb 2013"]

1. d4 d5 2. c4 c6 3. e3 Nf6 4. Nf3 e6 5. Nc3 Bd6 6. Be2 O-O 7. Bd2 Nbd7 8. Qc2 Qe7 9. O-O-O dxc4 10. Bxc4 a5 11. Bd3 h6 12. a3 c5 13. Rde1 b6 14. Bc4 Ba6 15. b3 Bxc4 16. bxc4 cxd4 17. Nxd4 Bxa3+ 18. Kd1 Rac8 19. Ncb5 Ne5 20. Nxa3 Qxa3 21. Bc1 Qd3+ 22. Bd2 Rxc4 23. Qxd3 0-1

[Event "CYCC U12"]
[Site "Ottawa CAN"]
[Date "2013.07.10"]
[Round "1"]
[White "Novakovic, David"]
[Black "Shamroni, Dennis"]
[Result "0-1"]
[WhiteElo "853"]
[BlackElo "1489"]
[PlyCount "80"]
[GameId "2160767909326348"]
[EventDate "2013.07.10"]
[EventType "swiss"]
[EventRounds "6"]
[EventCountry "CAN"]
[SourceTitle "hb 2013"]

1. e4 c5 2. d3 Nc6 3. Nf3 g6 4. g3 Bg7 5. Nc3 d6 6. Bg2 Nf6 7. b3 Nxe4 8. Nxe4 Bxa1 9. c3 f5 10. Ba3 fxe4 11. Qxa1 exf3 12. Bxf3 Ne5 13. Be4 Bh3 14. d4 Nd7 15. c4 Qa5+ 16. b4 Qxa3 17. d5 Qxb4+ 18. Kd1 Rf8 19. Re1 O-O-O 20. f4 Bg4+ 21. Kc2 Qxc4+ 22. Kd2 Nf6 23. Bd3 Qb4+ 24. Kc2 Nxd5 25. a3 Qa4+ 26. Kd2 Qa5+ 27. Kc2 Qc3+ 28. Qxc3 Nxc3 29. Kxc3 Bf5 30. Bc4 d5 31. Ba2 d4+ 32. Kd2 Rd6 33. Rxe7 Rb6 34. Kc1 Kd8 35. Rxh7 Re8 36. Bc4 Rb1+ 37. Kd2 Ree1 38. Rh8+ Kc7 39. Rh7+ Kb6 40. Rh4 Rbd1# 0-1

[Event "CYCC U12"]
[Site "Ottawa CAN"]
[Date "2013.07.10"]
[Round "1"]
[White "Wan, Kevin"]
[Black "Fleurimond-Rancy, Jonathan"]
[Result "1-0"]
[WhiteElo "2148"]
[BlackElo "1039"]
[PlyCount "57"]
[GameId "2160767909326349"]
[EventDate "2013.07.10"]
[EventType "swiss"]
[EventRounds "6"]
[EventCountry "CAN"]
[SourceTitle "hb 2013"]

1. e4 e5 2. Nf3 Nf6 3. Nc3 Bc5 4. Be2 Ng4 5. O-O Qf6 6. Nd5 Qd6 7. h3 Nxf2 8. Rxf2 Bxf2+ 9. Kxf2 Qc5+ 10. Kf1 Na6 11. d3 f5 12. Be3 Qd6 13. Nc3 Qb4 14. Rb1 d6 15. a3 Qa5 16. b4 Qxa3 17. Rb3 Qxb3 18. cxb3 Nxb4 19. d4 f4 20. Bf2 Nc6 21. dxe5 dxe5 22. Bb5 Bd7 23. Bxc6 Bxc6 24. Nxe5 Rd8 25. Qh5+ g6 26. Nxg6 Rd6 27. Nxh8+ Ke7 28. Bh4+ Kf8 29. Qf7# 1-0

[Event "CYCC U12"]
[Site "Ottawa CAN"]
[Date "2013.07.10"]
[Round "1"]
[White "Zhan, Andrew"]
[Black "Zotkin, Daniel"]
[Result "0-1"]
[WhiteElo "1035"]
[BlackElo "1942"]
[PlyCount "124"]
[GameId "2160767909326352"]
[EventDate "2013.07.10"]
[EventType "swiss"]
[EventRounds "6"]
[EventCountry "CAN"]
[SourceTitle "hb 2013"]

1. e4 d5 2. Nc3 dxe4 3. Nxe4 Bf5 4. Nc3 Nc6 5. a3 Nf6 6. Nf3 e6 7. d3 Bc5 8. h3 O-O 9. Bd2 e5 10. Qe2 Nd4 11. Nxd4 exd4 12. Ne4 Bxe4 13. dxe4 Nxe4 14. O-O-O Re8 15. Qf3 Qd5 16. c4 Qc6 17. Bd3 Bf8 18. Rhe1 Nc5 19. Bb4 Rxe1 20. Bxe1 Qa4 21. Kb1 Re8 22. Bb4 Nxd3 23. Qxd3 Bxb4 24. axb4 Qxb4 25. Qxd4 a5 26. Kc1 h6 27. h4 a4 28. c5 Re4 29. Qxb4 Rxb4 30. Rd2 Rc4+ 31. Rc2 Rxh4 32. Kd1 Rd4+ 33. Ke2 f6 34. Ke3 Rd5 35. Ke4 Re5+ 36. Kf4 Kf7 37. Kg4 Ke6 38. f4 Rd5 39. Kf3 Kd7 40. Ke3 Kc6 41. b4 axb3 42. Rb2 Rxc5 43. Rxb3 b5 44. Kd3 Rc4 45. f5 Rf4 46. Rc3+ Kb6 47. Rb3 Rxf5 48. Ke4 Re5+ 49. Kd4 c5+ 50. Kc3 Re3+ 51. Kc2 Rxb3 52. Kxb3 Ka5 53. g4 c4+ 54. Ka2 b4 55. g5 fxg5 56. Kb2 g4 57. Ka2 g3 58. Kb2 g2 59. Ka2 g1=Q 60. Kb2 Qf2+ 61. Ka1 c3 62. Kb1 Qb2# 0-1

[Event "CYCC U12"]
[Site "Ottawa CAN"]
[Date "2013.07.10"]
[Round "1"]
[White "Zhang, Zhehai"]
[Black "Jing, Ryan"]
[Result "1-0"]
[WhiteElo "1498"]
[BlackElo "869"]
[PlyCount "99"]
[GameId "2160767909326353"]
[EventDate "2013.07.10"]
[EventType "swiss"]
[EventRounds "6"]
[EventCountry "CAN"]
[SourceTitle "hb 2013"]

1. e4 e5 2. Nf3 Nc6 3. Bc4 Nf6 4. d3 h6 5. O-O Bc5 6. c3 d6 7. Bb3 Bg4 8. Nbd2 O-O 9. Re1 Re8 10. Nf1 Ne7 11. h3 Bh5 12. Ng3 Qd7 13. Nxh5 Nxh5 14. Nxe5 dxe5 15. Qxh5 Ng6 16. Qxg6 Kh8 17. Qg3 f6 18. Be3 Bb6 19. Bxb6 cxb6 20. Rad1 Rad8 21. d4 Qd6 22. Bd5 Rd7 23. dxe5 Qxe5 24. Qxe5 Rxe5 25. f4 Re8 26. Kf2 Kh7 27. e5 Red8 28. Be4+ Kg8 29. Rxd7 Rxd7 30. e6 Re7 31. Bxb7 Kf8 32. Bd5 Ke8 33. Bb3 Kd8 34. Rd1+ Kc7 35. f5 a5 36. Ba4 h5 37. Rd7+ Rxd7 38. Bxd7 Kd6 39. Kg3 h4+ 40. Kxh4 b5 41. Kh5 b4 42. cxb4 a4 43. Kg6 Ke7 44. Bxa4 Kf8 45. b5 Ke7 46. b6 Kd8 47. Kf7 g6 48. e7+ Kc8 49. Bc6 g5 50. e8=Q# 1-0

[Event "CYCC U12"]
[Site "Ottawa CAN"]
[Date "2013.07.10"]
[Round "1"]
[White "Zhao, Yue Tong (Davy)"]
[Black "Oas, Brandon"]
[Result "1-0"]
[WhiteElo "1873"]
[BlackElo "1028"]
[PlyCount "45"]
[GameId "2160767909326354"]
[EventDate "2013.07.10"]
[EventType "swiss"]
[EventRounds "6"]
[EventCountry "CAN"]
[SourceTitle "hb 2013"]

1. e4 e5 2. f4 exf4 3. Nf3 Bc5 4. d4 d5 5. dxc5 Nf6 6. e5 Ne4 7. Bxf4 Bg4 8. Bd3 Bxf3 9. Qxf3 Qh4+ 10. g3 Qh3 11. Bxe4 dxe4 12. Qxe4 Na6 13. Qxb7 Qc8 14. Qc6+ Kd8 15. Nc3 Nb4 16. Bg5+ f6 17. O-O-O+ Ke7 18. exf6+ Kf7 19. Rd7+ Kg6 20. Qe4+ Kh5 21. Qh4+ Kg6 22. Rxg7+ Kf5 23. Qe4# 1-0

[Event "CYCC U12"]
[Site "Ottawa CAN"]
[Date "2013.07.10"]
[Round "2"]
[White "Fox, Dylan"]
[Black "Johnson-Constantin, Mathieu"]
[Result "0-1"]
[WhiteElo "747"]
[BlackElo "1611"]
[PlyCount "120"]
[GameId "2160767909326359"]
[EventDate "2013.07.10"]
[EventType "swiss"]
[EventRounds "6"]
[EventCountry "CAN"]
[SourceTitle "hb 2013"]

1. e4 c5 2. Nf3 d6 3. c3 Nf6 4. d3 Nc6 5. a3 g6 6. b4 b6 7. b5 Na5 8. a4 Bg7 9. Bb2 O-O 10. c4 Nh5 11. Bxg7 Nxg7 12. Nbd2 Ne6 13. h3 Nd4 14. Nxd4 cxd4 15. Nf3 e5 16. Be2 Nb7 17. O-O Nc5 18. Qc2 f5 19. Rfb1 f4 20. Qd2 h5 21. Nh4 Qxh4 22. a5 Bb7 23. Qc2 Qg5 24. f3 Qf6 25. axb6 axb6 26. Rxa8 Rxa8 27. Qc1 Ra2 28. Rb2 Rxb2 29. Qxb2 Qd8 30. Qa3 Qa8 31. Qxa8+ Bxa8 32. Kh2 Kg7 33. g3 Kf6 34. h4 Bb7 35. g4 Bc8 36. g5+ Ke7 37. Kg2 Bb7 38. Kf1 Na4 39. Ke1 Nc3 40. Bf1 d5 41. cxd5 Nxd5 42. exd5 Bxd5 43. Be2 Bb3 44. Kd2 Ba4 45. Kc1 Bxb5 46. Kb2 Kd6 47. Kb3 Kc5 48. Bf1 Bc6 49. Bg2 Bd5+ 50. Ka4 b5+ 51. Ka3 b4+ 52. Kb2 Kb5 53. Bh1 Ka5 54. Bg2 Bc6 55. Kb1 Ka4 56. Kb2 b3 57. Bh3 Bxf3 58. Bd7+ Kb4 59. Be8 e4 60. Bxg6 e3 0-1